Una experiencia en Puerto Rico: las ciencias sociales en los estudios generales /

Guardat en:
Dades bibliogràfiques
Autor principal: Rodríguez Vega, Eugenio
Format: Text
Matèries:
Etiquetes: Afegir etiqueta
Sense etiquetes, Sigues el primer a etiquetar aquest registre!

MARC

LEADER 00000 a a2200000 04500
001 14878
003
040
100 |a Rodríguez Vega, Eugenio  
245 |a Una experiencia en Puerto Rico:   |b las ciencias sociales en los estudios generales /  |c Eugenio Rodríguez Vega 
650 |a PUB.IIS  
773 |g número 5; páginas 49-66  
999 |c 40061  |d 40061